| 000 | 00742nam a2200217Ia 4500 | ||
|---|---|---|---|
| 003 | GCL | ||
| 008 | 140319s9999 xx 000 0 ara d | ||
| 040 |
_aGCL / _cGCL |
||
| 082 | 0 | 4 |
_a810.9036 _bغ ا |
| 100 | 1 | _aالملك المجاهد , على بن داود بن | |
| 245 | 1 | 0 |
_aالاقوال الكافية والفصول الشافية فى الخيل / _cالملك المجاهد , على بن داود بن |
| 700 | 1 | _aيحيى وهيب الجبورى | |
| 260 |
_a[S.N] : _bدار العربية للعلوم ، _c1987 |
||
| 300 | _a498 ص | ||
| 490 | _a | ||
| 650 | 0 | 4 | _aالادب العربى |
| 650 | 0 | 4 | _aالخيل فى الادب |
| 650 | 0 | 4 | _aتاريخ ونقد |
| 650 | 0 | 4 | _aالمجموعات |
| 942 |
_2ddc _cBK |
||
| 999 |
_c53673 _d53673 |
||